| 000 | 01386nam a2200349Ia 4500 | ||
|---|---|---|---|
| 001 | ebr10229808 | ||
| 003 | CaPaEBR | ||
| 006 | m u | ||
| 007 | cr cn||||||||| | ||
| 008 | 070820s2007 enka sb 001 0 eng d | ||
| 020 | _z033522234X (hbk.) | ||
| 020 | _z9780335222346 (hbk.) | ||
| 020 | _z0335222358 (pbk.) | ||
| 020 | _z9780335222353 (pbk.) | ||
| 020 | _z9780335235070 | ||
| 040 |
_aCaPaEBR _cCaPaEBR |
||
| 035 | _a(OCoLC)317384520 | ||
| 050 | 1 | 4 |
_aQ183.4.G7 _bB57 2007eb |
| 082 | 0 | 4 |
_a507.12 _222 |
| 100 | 1 | _aBishop, Keith. | |
| 245 | 1 | 0 |
_aLearning science teaching _h[electronic resource] / _cKeith Bishop and Paul Denley. |
| 260 |
_aMaidenhead, England ; _aNew York : _bMcGraw Hill/Open University Press, _c2007. |
||
| 300 |
_aviii, 228 p. : _bill. |
||
| 504 | _aIncludes bibliographical references (p. [217]-225) and index. | ||
| 533 |
_aElectronic reproduction. _bPalo Alto, Calif. : _cebrary, _d2009. _nAvailable via World Wide Web. _nAccess may be limited to ebrary affiliated libraries. |
||
| 650 | 0 |
_aScience _xStudy and teaching (Secondary) _zGreat Britain. |
|
| 650 | 0 |
_aScience _xStudy and teaching _zGreat Britain. |
|
| 655 | 7 |
_aElectronic books. _2local |
|
| 700 | 1 | _aDenley, Paul. | |
| 710 | 2 | _aebrary, Inc. | |
| 856 | 4 | 0 |
_uhttp://site.ebrary.com/lib/rucke/Doc?id=10229808 _zAn electronic book accessible through the World Wide Web; click to view |
| 999 |
_c153312 _d153312 |
||